| 000 | 02126cam a22004694i 4500 | ||
|---|---|---|---|
| 003 | PE-LiUPU | ||
| 005 | 20250731173432.0 | ||
| 008 | 150706s r 000 0 d | ||
| 035 | _a(Sirsi) a52781 | ||
| 040 |
_aPE-LiUPU _bspa _cPE-LiUPU _erda |
||
| 049 | _aPRUA | ||
| 082 | 0 | 4 |
_a248.4 _bS61 _221 |
| 100 | 1 |
_aSmith, Stephen W., _d1954- , _eautor. |
|
| 245 | 1 | 3 |
_aEl factor Lázaro su vida puede cambiar para siempre / _cStephen W. Smith. |
| 264 | 1 |
_aMiami, Florida : _bPatmos, _c2012. |
|
| 300 |
_a174 páginas ; _c21 cm. |
||
| 336 |
_atext _2rdacontent |
||
| 337 |
_aunmediated _2rdamedia |
||
| 338 |
_avolume _2rdacarrier |
||
| 505 | 0 | _aYo soy Lázaro: encontrar nuestro lugar en la historia -- El Jesús que se demora: esperar por su presencia -- Atrapado en la tumba: cuando la vida llega a un callejón sin salida -- La voz del amor: escuchar a su Salvador llamarlo por su nombre -- El hedor de la transformación: las realidades sucias -- Caminar hacia la vida: escoger salir de la oscuridad -- Poner nombre a las vendas: reconocer las cosas que le atan -- Quitar las vendas: aceptar la ayuda de una comunidad que ama -- Vivir en la luz: el poder la tu transformación -- La vida: experimentar la transformación para toda una vida. | |
| 526 | _aSEG42 | ||
| 526 | _aSEG41 | ||
| 526 | _aSEG40 | ||
| 526 | _aSEG39 | ||
| 526 | _aP94 | ||
| 526 | _aP87 | ||
| 526 | _aP86 | ||
| 526 | _aP85 | ||
| 526 | _aP77 | ||
| 526 | _aP76 | ||
| 526 | _aP35 | ||
| 541 | _g001-0000632; | ||
| 650 | 0 | 4 | _aFormación espiritual. |
| 650 | 0 | 4 | _aResurrección de Lázaro (Milagro). |
| 700 | 1 |
_aBello, Wendy, _etr. |
|
| 910 |
_agl _clch _d20130808 |
||
| 942 |
_2ddc _cBOOK |
||
| 949 |
_a248.4 S61 _wDEWEY _c1 _i67915 _lCCODEBUL1 _mBUL _p12.00 _r0 _sY _tLIBRO _u2015-07-06 _xTEOLOGIA _PP35 _o.STAFF. Colección General |
||
| 994 |
_aC0 _bPEPRU |
||
| 596 | _a1 | ||
| 999 |
_a248.4 S61 _wDEWEY _c55426 _i67915 _f2021-11-10 _g5 _lCCODEBUL1 _mBUL _p12.00 _r0 _sY _tBOOK _u2015-7-6 _xTEOLOGIA _PP35 _0COMPRA _o.STAFF. Colección General _d55426 |
||
| 980 |
_81 _gALBERTO SANCHEZ Responsable de Automatización |
||